|
|
|
|
| LEADER |
01732cas a2200205 a 4500 |
| 001 |
AALejournalIMF015709 |
| 008 |
230101c9999 xx r poo 0 0eng d |
| 020 |
|
|
|z 9781589066779
|
| 040 |
|
|
|a BD-DhAAL
|c BD-DhAAL
|
| 100 |
1 |
|
|a Peiris, Shanaka.
|
| 245 |
1 |
0 |
|a Post-Stabilization Economics in Sub-Saharan Africa :
|b Lessons from Mozambique /
|c Shanaka Peiris, Jean Clement.
|
| 264 |
|
1 |
|a Washington, D.C. :
|b International Monetary Fund,
|c 2008.
|
| 300 |
|
|
|a 1 online resource (407 pages)
|
| 500 |
|
|
|a <strong>Off-Campus Access:</strong> No User ID or Password Required
|
| 500 |
|
|
|a <strong>On-Campus Access:</strong> No User ID or Password Required
|
| 506 |
|
|
|a Electronic access restricted to authorized BRAC University faculty, staff and students
|
| 520 |
3 |
|
|a Mozambique is an economic success story in sub-Saharan Africa (SSA). Its remarkable achievements offer valuable lessons to other low-income countries in a post-stabilization economic phase, including how they can efficiently manage a scaling up of foreign aid aimed at poverty reduction. Of special interest to other sub-Saharan countries are the book's discussions of Mozambique's progress toward consolidating macroeconomic and financial stability, and the challenges it faces in ensuring long-term sustainability, creating a virtuous cycle of natural resource use, and implementing second-generation structural reforms to sustain its growth. This book also provides a summary of the most recent research on issues related to post-stabilization economics in SSA.
|
| 538 |
|
|
|a Mode of access: Internet
|
| 700 |
1 |
|
|a Clement, Jean.
|
| 856 |
4 |
0 |
|z Full text available on IMF
|u http://elibrary.imf.org/view/books/071/08577-9781589066779-en/08577-9781589066779-en-book.xml
|z IMF e-Library
|